| 000 | 00882nam a2200253Ia 4500 | ||
|---|---|---|---|
| 003 | GCL | ||
| 008 | 140319s9999 xx 000 0 ara d | ||
| 040 |
_aGCL / _cGCL |
||
| 082 | 0 | 4 |
_a355.03 _bك د |
| 100 | 1 | _aمحمد عبدالحليم ابوغزالة(مترجم) | |
| 245 | 1 | 0 |
_aدروس الحرب الحديثة / _cمحمد عبدالحليم ابوغزالة(مترجم) |
| 700 | 1 | _aواجنر, ابراهام ر | |
| 700 | 1 | _aكوردسمان, انتونى هـ. | |
| 260 |
_a[S.N] : _bلجنة الاعلام والدراسات المستقبلية ، _c1994 |
||
| 300 | _a460 ص | ||
| 490 | _a | ||
| 650 | 0 | 4 | _aالنزاع العربى الاسرائيلى |
| 650 | 0 | 4 | _aاسرائيل |
| 650 | 0 | 4 | _aالقضية الفلسطينية |
| 650 | 0 | 4 | _aالاسلحة |
| 650 | 0 | 4 | _aلبنان |
| 650 | 0 | 4 | _aالعمليات العسكرية |
| 942 |
_2ddc _cBK |
||
| 999 |
_c29492 _d29492 |
||